| 000 | 00000nam##2200000za#4500 |
| 001 | 9.581540 |
| 003 | CaOODSP |
| 005 | 20251031142446 |
| 007 | cr ||||||||||| |
| 008 | 150406|2014||||xxc|||||o f|0| 0 eng|d |
| 040 | |aCaOODSP|beng |
| 043 | |an-cn--- |
| 086 | 1 |aM183-2/7619E-PDF |
| 110 | 2 |aGeological Survey of Canada. |
| 245 | 10|aEnvironmental atlas of the Beaufort coastlands / |h[electronic resource]|c[by] B.R. Pelletier and B.E. Medioli (editors). |
| 260 | |aOttawa - Ontario : |bNatural Resources Canada. |c2014. |
| 300 | |a271p.|bfigs., graphs, photographs |
| 490 | 1 |aOpen file (Geological Survey of Canada)|v7619 |
| 590 | |a15-10|b2015-03-06 |
| 830 | #0|aOpen file (Geological Survey of Canada)|v7619|w(CaOODSP)9.506878 |
| 856 | 40|ahttp://publications.gc.ca|qPDF|s130.74 MB|uhttps://publications.gc.ca/collections/collection_2015/rncan-nrcan/M183-2-7619-eng.pdf|y7619 |